Les mémoires de J. E. Brenier
Guardado en:
| Hovedforfatter: | |
|---|---|
| Format: | Bog |
| Sprog: | Undetermined |
| Udgivet: |
Montreal, Canadá
Quinze
1983
|
| Fag: | |
| Tags: |
Tilføj Tag
Ingen Tags, Vær først til at tagge denne postø!
|
MARC
| LEADER | 00000nam a2200000Ia 4500 | ||
|---|---|---|---|
| 008 | 170316s9999 xx 000 0 und d | ||
| 090 | |a 818 B-7m | ||
| 100 | |a Bernier, J.E. | ||
| 245 | |a Les mémoires de J. E. Brenier | ||
| 260 | |a Montreal, Canadá | ||
| 260 | |b Quinze | ||
| 260 | |c 1983 | ||
| 300 | |a 205 páginas | ||
| 650 | |a LITERATURA CANADIENSE | ||
| 999 | |c 21768 |d 21768 | ||
| 040 | |a cru BVZT | ||
| 942 | |c 15 D |h 818 B-7m |2 z | ||
